000 01710cam a2200385 a 4500
001 100581
005 20230410143531.0
008 100415s2010 nyua b 001 0 eng
010 _a 2010013915
035 _a(OCoLC)ocn555648002
040 _aDLC
_cDLC
_dYDX
_dBTCTA
_dYDXCP
_dMOF
_dUPZ
_dROC
_dCDX
_dVP@
_dQQ3
020 _a9780670022151
020 _a0670022152
035 _a(OCoLC)555648002
050 1 4 _aT 14.5
_bK29w 2010
082 0 0 _a303.48/3
049 _aGRAL
100 1 _aKelly, Kevin,
_d1952-
245 1 0 _aWhat technology wants /
_cKevin Kelly.
260 _aNew York :
_bViking,
_c2010.
300 _a406 p. :
_bill. ;
_c24 cm.
504 _aIncludes bibliographical references and index.
520 _aA fascinating, innovative, and optimistic look at how humanity and technology join to produce increasing opportunities in the world and how technology can give our lives greater meaning.
505 0 _aMy question -- Origins -- Inventing ourselves -- History of the seventh kingdom -- The rise of exotropy -- Imperatives -- Deep progress -- Ordained becoming -- Convergence -- Listen to the technology -- Choosing the inevitable -- Choices -- The Unabomber was right -- Lessons of Amish hackers -- Seeking conviviality -- Directions -- Technology's trajectories -- Playing the infinite game.
650 0 _aTechnology
_xSocial aspects.
650 0 _aTechnology and civilization.
650 4 _aTecnologĂ­a
_xAspectos sociales.
650 4 _a20151100
938 _aBaker and Taylor
_bBTCP
_nBK0008833947
938 _aYBP Library Services
_bYANK
_n3312353
938 _aCoutts Information Services
_bCOUT
_n12571976
942 _2lcc
_cbk
946 _aKK
994 _aC0
_bDRFGD
999 _c103456
_d103456